000 00294nam a22001337a 4500
008 170908b xxu||||| |||| 00| 0 eng d
020 _a9780767405058
041 _aeng
080 _24TH
_a91
100 _a42
101 _aGJEO
245 _aVICTIMS OF PROGRESS
_cBODLEY,J.H
942 _2udc
_cBK
999 _c26810
_d26810